000 00468nam a22001697a 4500
003 OSt
005 20210218133523.0
007 ta
008 210218b1986 dr ||||er|||| 001 pdspa d
040 _aDO-SdBNP
_bspa
_cBNPHU
082 _aRD861.44
_bD963d
100 1 _aDurán Guzmán , Dionys
_d1962-
_977860
245 1 0 _aDos amores :
_bmi patria y tú /
_cDionys Durán González
260 _a[s.l.]
_b[s.n]
_c[¿1986?]
300 _a62 pg.
_bil.;
_c19 cm.
942 _2ddc
_cLBS1
999 _c49412
_d49412